Slovensko-ukrajinské vzťahy po roku 2014 bakalárska práca

Salvato in:
Dettagli Bibliografici
Autore principale: Vargová, Otília
Ente Autore: Fakulta medzinárodných vzťahov EU. Katedra medzinárodných politických vzťahov
Altri autori: Zubro, Tetyana, 1975-
Natura: Libro
Lingua:slovacco
Pubblicazione: Bratislava 2020
Tags: Aggiungi Tag
Nessun Tag, puoi essere il primo ad aggiungerne!!

MARC

LEADER 00000nbm a2200000 4500
001 0265817
005 20200910084935.9
041 0 |a slo 
044 |a SK 
245 1 0 |a Slovensko-ukrajinské vzťahy po roku 2014  |b bakalárska práca  |c Otília Vargová ; školiteľ: Tetyana Zubro 
264 1 |a Bratislava  |c 2020 
300 |a 65 s. 
100 1 |a Vargová, Otília 
700 1 |a Zubro, Tetyana, 1975- 
710 2 |a Fakulta medzinárodných vzťahov EU. Katedra medzinárodných politických vzťahov